000 00770nam a2200229Ia 4500
999 _c50518
_d50518
005 20240530104752.0
008 140319s9999 xx 000 0 ara d
017 _bمصر. دار الكتب
040 _aGCL /
_cGCL
082 0 4 _a301.29
_bم م
_221
100 1 _aمحسن جاسم الموسوى
245 1 0 _aالاستشراق /
_cمحسن جاسم الموسوى
300 _aمتعدد
490 _aسلسلة كتب الثقافة المقارنة
_v0
650 0 4 _aالادب العربى
_2qrmak
650 0 4 _aالفلسفة الاسلامية
_2qrmak
650 0 4 _aالاستشراق والمستشرقون
_2qrmak
650 0 4 _aالاستشراق
_2qrmak
650 0 4 _aالاسلام والسياسة
_2qrmak
651 _2qrmak
942 _2ddc
_cBK